Using research instruments : a guide for researchers
| Main Author: | Wilkinson, David |
|---|---|
| Other Authors: | Birmingham, Peter |
| Published: |
London:
RoutledgeFalmer,
2003.
|
| Subjects: |
| LEADER | 00568cam a2200169 7i4500 | ||
|---|---|---|---|
| 001 | 0000039294 | ||
| 005 | 20110801090000.0 | ||
| 020 | |a 9780415272797 | ||
| 040 | |a 0415272793 (pbk.) | ||
| 090 | 0 | 0 | |a Q180.55.M4 |b W56 2003 |
| 100 | 1 | |a Wilkinson, David | |
| 245 | 1 | 0 | |a Using research instruments : |b a guide for researchers |c David Wilkinson, Peter Birmingham. |
| 260 | |a London: |b RoutledgeFalmer, |c 2003. | ||
| 300 | |a xiv, 175 p.: |b ill.; |c 25 cm. | ||
| 650 | 0 | 0 | |a Research -- |x Methodology |
| 700 | 1 | |a Birmingham, Peter | |
| 999 | |a 0000051132 |b BOK |c OPEN SHELF |e 2nd Floor, Bestari Jaya | ||


